Kalibrácia modelu čierneho telesa (MČT)

Gespeichert in:
Bibliographische Detailangaben
1. Verfasser: Adamovič, Michal (Verfasst von)
Weitere Verfasser: Maniur, Milan Ioan (Betreuung Doktorarbeit)
Format: Manuskript Buch
Sprache:Slowakisch
Veröffentlicht: 2016
Schlagworte:
Online-Zugang:http://is.stuba.sk/zp/portal_zp.pl?podrobnosti=120490
Tags: Tag hinzufügen
Keine Tags, Fügen Sie das erste Tag hinzu!

MARC

LEADER 00000ntm a22000003a 4500
001 stuzp57890
003 SK-STU
005 20160719155408.9
007 ta
008 150427s2015----xo-----f-mn---000-0-slo-d
040 |a STU  |b slo 
041 0 |a slo 
100 1 |a Adamovič, Michal  |u 020020  |k Z4  |4 aut  |U SjF Strojnícka fakulta  |T SjF Ústav automatizácie, merania a aplikovanej informatiky  |X 60020  |U J0020  |Y 802  |7 A000060020 
242 0 1 |a Blackbody calibration model (BCM)  |y eng 
245 1 0 |a Kalibrácia modelu čierneho telesa (MČT) 
260 |c 2016 
650 4 |a bezkontaktné meranie teploty  |2 slo 
650 4 |a kalibrácia  |2 slo 
650 4 |a emisivita  |2 slo 
650 4 |a čierne teleso  |2 slo 
650 4 |a blackbody  |2 eng 
650 4 |a emissivity  |2 eng 
650 4 |a calibration  |2 eng 
650 4 |a non-contact temperature measurement  |2 eng 
700 1 |a Maniur, Milan Ioan  |4 ths  |X 13127  |7 A000013127 
856 4 |u http://is.stuba.sk/zp/portal_zp.pl?podrobnosti=120490 
996 |b 284J044130  |c J* 2420/DP  |l JJSK  |s A  |a 24  |w stuzp57890_0001 
SQL |a stuzp57890  |b DDP  |c SLO  |d Kalibrácia modelu čierneho telesa (MČT)  |e 60020  |f Adamovič, Michal  |g 020020  |h 13127  |i Maniur, Milan Ioan  |j 20160615  |k 648  |l 02  |m http://is.stuba.sk/zp/portal_zp.pl?podrobnosti=120490  |n I-MESK  |o 5.2.53. meranie